000 00400nam a2200157Ia 4500
008 210716s1988 xx 000 0 und d
020 _a521586852
041 _aeng
082 _a004 KALN
100 _aKalicharan, Noel.
245 _aIntroduction to computer studies.
250 _a1
260 _aNew York
_bCambridge University Press
_c1988
300 _a367
650 _aComputer Fundamentals
999 _c184065
_d184065